Statistics for All Pokémon Used By Main Characters

Click here to take the quiz!

General Stats

  • This quiz has been taken 934 times
    (67 since last reset)
  • The average score is 165 of 272

Answer Stats

Trainer Pokémon % Correct
AshPikachu
97%
AshCharizard
90%
AshMetapod
87%
AshButterfree
87%
AshSquirtle
87%
AshTotodile
87%
AshCaterpie
87%
AshBulbasaur
83%
AshCyndaquil
83%
AshChikorita
83%
AshPidgeot
80%
AshSceptile
80%
BrockOnix
80%
AshTreecko
80%
AshPidgeotto
80%
AshGrovyle
80%
MistyStaryu
77%
AshSnivy
77%
AshTepig
77%
MistyStarmie
77%
MistyPsyduck
77%
JessieArbok
77%
AshTorterra
77%
AshGrotle
77%
AshTurtwig
77%
JamesWeezing
77%
BrockGeodude
77%
LillieSnowy
77%
AshCharmeleon
77%
AshTauros (x30)
77%
AshCharmander
77%
AshSnorlax
73%
BrockVulpix
73%
MayEevee
73%
LanaSandy
73%
AshInfernape
73%
MayCombusken
73%
AshMonferno
73%
MayTorchic
73%
DawnPiplup
73%
AshNoctowl
73%
AshChimchar
73%
AshGreninja
73%
JessieEkans
73%
AshKrabby
73%
JamesKoffing
73%
AshKingler
73%
AshLitten
70%
AshRockruff
70%
AshRowlet
70%
AshLycanroc
70%
AshDragonite
70%
AshGoodra
70%
AshSliggoo
70%
BrockSteelix
70%
Dawn/AshAipom
70%
MayBlaziken
70%
GohWurmple (x3)
70%
AshFrogadier
70%
MistyGoldeen
70%
TraceyScyther
70%
MistyTogepi
70%
MistyGyarados
70%
JessieWobbuffet
70%
JessieWurmple
70%
AshGoomy
70%
AshTorracat
70%
AshOshawott
70%
AshFroakie
70%
AshStarly
70%
AshPignite
70%
AshHeracross
70%
AshStaravia
70%
AshQuilava
70%
AshBayleef
70%
GohCascoon (x3)
67%
MayIvysaur
67%
AshDonphan
67%
AshGible
67%
BrockMarshtomp
67%
GohMagikarp (x2)
67%
MayBeautifly
67%
BrockCroagunk
67%
MaySilcoon
67%
AshLapras
67%
Ash/DawnBuizel
67%
AshMuk
67%
JamesMagikarp
67%
GohDustox (x3)
67%
SophoclesCharjabug
67%
BrockMudkip
67%
AshTaillow
67%
CilanPansage
67%
IrisAxew
67%
JessieDustox
67%
SerenaFennekin
67%
SerenaBraixen
67%
GohBeedrill
67%
JessieCascoon
67%
AshSwellow
67%
AshGengar
67%
DawnAmbipom
63%
BrockLotad
63%
AshPrimeape
63%
MistyTogetic
63%
AshFletchling
63%
AshNoibat
63%
AshPhanpy
63%
AshTalonflame
63%
Clemont/BonnieDedenne
63%
AshGligar
63%
AshGliscor
63%
Ash/DeliaMimey
63%
MayGlaceon
63%
AshStaraptor
63%
JessieSeviper
63%
BrockSudowoodo
63%
LanaPopplio
63%
JessieMimikyu
63%
AshPoipole
63%
AshIncineroar
63%
SophoclesVikavolt
63%
BrockLombre
63%
AshFletchinder
63%
SophoclesTogedemaru
63%
MallowSteenee
60%
MallowBounsweet
60%
GohWeedle
60%
JamesCacnea
60%
TraceyMarill
60%
KiaweMarowak
60%
KiaweTurtonator
60%
SerenaSylveon
60%
GohKakuna
60%
JamesGrowlie
60%
AshTorkoal
60%
BrockLudicolo
60%
AshMelmetal
60%
AshNoivern
60%
AshKrookodile
60%
AshLeavanny
60%
BrockZubat
60%
BrockChansey
60%
AshCorphish
60%
AshKrokorok
60%
AshSwadloon
60%
BrockHappiny
60%
AshSewaddle
60%
GohScorbunny
60%
AshMeltan
60%
MayVenusaur
57%
DawnMamoswine
57%
BrockPineco
57%
GohPidgey
57%
DawnTogekiss
57%
BrockGolbat
57%
ClemontMagneton
57%
ClemontLuxray
57%
AshUnfezant
57%
AshTranquill
57%
AshPidove
57%
MallowTsareena
57%
ClemontMagnemite
57%
AshNaganadel
57%
BrockCrobat
57%
JessieLickitung
57%
MistyPoliwhirl
57%
MistyPolitoed
57%
TraceyVenonat
57%
JamesCarnivine
57%
JamesMime Jr.
57%
MistyHorsea
57%
MistyPoliwag
57%
BrockBonsly
57%
JessieYanmega
53%
JessieYanma
53%
AshGlalie
53%
LanaBrionne
53%
AshPalpitoad
53%
AshRoggenrola
53%
AshBoldore
53%
AshSnorunt
53%
ClemontLuxio
53%
ClemontChespin
53%
LanaPrimarina
53%
ClemontHeliolisk
53%
MayWartortle
53%
AshFarfetch'd
53%
DawnBuneary
53%
JamesYamask
53%
GohPinsir
50%
JamesMareanie
50%
JessieGourgeist
50%
AshScraggy
50%
DawnPachirisu
50%
AshRiolu
50%
DawnSwinub
50%
DawnPiloswine
50%
JamesInkay
50%
ClemontHelioptile
50%
SerenaPancham
50%
GohRaboot
50%
GohSandile
50%
JamesChimecho
50%
BrockForretress
50%
CilanDwebble
47%
JamesVictreebel
47%
AshHawlucha
47%
ClemontBunnelby
47%
IrisExcadrill
47%
JessiePumpkaboo
47%
MistyCorsola
47%
GohRattata
43%
MistyAzurill
43%
GohVenomoth
43%
MaySkitty
43%
IrisEmolga
43%
CilanCrustle
43%
MayMunchlax
43%
IrisDrilbur
40%
CilanStunfisk
40%
GohSobble
40%
JessieFrillish
40%
JamesWeepinbell
40%
JessieWoobat
37%
JamesAmoonguss
37%
MistyCaserin
37%
GohDewgong
37%
GohMisdreavus
37%
BrockComfey
37%
GohParas
33%
GohCubone
33%
GohSpearow
33%
GohParasect
33%
GohNidoran ♂
30%
GohSkwovet
30%
GohNidoran ♀
30%
GohGrimer
27%
GohFlabébé (x5)
27%
GohWingull
27%
GohMantyke
27%
GohStantler
27%
GohSentret
23%
GohPhantump
23%
GohTentacool
23%
GohGolurk
23%
GohOddish
20%
GohBinacle
20%
GohDarmanitan
17%
GohExeggcute
17%
GohScatterbug
17%

Score Distribution

Percentile by Number Answered

Percent of People with Each Score

Your Score History

You have not taken this quiz since the last reset